100 questions les plus frq̌uentes en Droit Immobilier

Bibliographic Details
Main Author: Dogniez, Marc
Other Authors: Ledain, Frďřic
Format: Unknown
Language:French
Published: Lig̈e : Editions de Jeune Barreau de Lig̈e, 2008
Subjects:
Online Access:Acceso restringido

MARC

LEADER 00000ny a22000003n 4500
005 20110620110129.0
008 980805s2008 be 000 0 fre d
020 |a 9782930287898 
035 |a 2284 
040 |a BUS  |d vLex 
090 |c 865  |d 865 
100 1 |a Dogniez, Marc 
245 1 0 |a 100 questions les plus frq̌uentes en Droit Immobilier  |h [Recurso electrn̤ico]  |c Marc Dogniez, Frďřic Ledain 
256 |a Servicio en ln̕ea 
260 |a Lig̈e :  |b Editions de Jeune Barreau de Lig̈e,  |c 2008 
300 |a p. ;   |c cm 
506 1 |a Contenido solo disponible en los productos indicados  |d vLex Global  |d vLex Global (Academic Edition, excluding Law Schools)  |d vLex Global (U.S. Academic Edition, Law Schools)  |d vLex Global (U.S. Academic Edition, excluding Law Schools)  |d vLex Global (Academic Edition, Law Schools) 
650 0 4 |a Propiedad inmobiliaria 
700 1 |a Ledain, Frďřic 
740 0 |a vLex Libros (Servicios en ln̕ea) 
856 4 0 |u http://vlex.com/source/2284  |z Acceso restringido 
942 |c BOOK 
999 0 |a Law  |b Belgica